[Event "Bundesliga 9293"]
[Site "Germany"]
[Date "1992.??.??"]
[Round "?.8"]
[White "Ruf, Matthias"]
[Black "Seger, Ruediger"]
[Result "1/2-1/2"]
[WhiteElo "2395"]
[BlackElo "2380"]
[PlyCount "59"]
[EventDate "1992.10.24"]
[EventType "team-tourn"]
[EventRounds "15"]
[EventCountry "GER"]
[SourceTitle "GER-chT"]
[Source "ChessBase"]
[SourceDate "1999.07.01"]
[SourceVersion "1"]
[SourceVersionDate "1999.07.01"]
[SourceQuality "1"]
[WhiteTeam "Muenchen 36"]
[BlackTeam "Bielefeld"]
[WhiteTeamCountry "GER"]
[BlackTeamCountry "GER"]

1. Nf3 Nf6 2. g3 g6 3. b4 Bg7 4. Bb2 0-0 5. Bg2 c6 6. Na3 Qb6 7. c3 d5 8. 0-0 a5 9. Nc2 Ne4 10. a3 Nd7 11. Qc1 Nd6 12. d3 e5 13. Nd2 axb4 14. axb4 Rxa1 15. Qxa1 Qc7 16. c4 d4 17. e3 dxe3 18. Nxe3 Re8 19. Re1 f5 20. Nb3 Nf8 21. b5 f4 22. Nd1 fxg3 23. hxg3 cxb5 24. c5 Nf5 25. d4 Ne6 26. dxe5 Nxc5 27. Bd5+ Be6 28. Bxe6+ Nxe6 29. Ne3 Nxe3 30. Rxe3 1/2-1/2

[Event "Biel MTO op"]
[Site "Biel"]
[Date "1992.??.??"]
[Round "9"]
[White "Ruf, Matthias"]
[Black "Zoler, Dan"]
[Result "1-0"]
[WhiteElo "2395"]
[BlackElo "2370"]
[PlyCount "115"]
[EventDate "1992.07.??"]
[EventType "swiss"]
[EventRounds "11"]
[EventCountry "SUI"]
[SourceTitle "CBM 031 Extra"]
[Source "ChessBase"]
[SourceDate "1993.01.01"]
[SourceVersion "1"]
[SourceVersionDate "1993.01.01"]
[SourceQuality "1"]

1. Nf3 c5 2. g3 Nc6 3. Bg2 g6 4. c3 e5 5. e4 Bg7 6. 0-0 Nge7 7. a3 0-0 8. b4 d5 9. d3 dxe4 10. dxe4 Be6 11. Qe2 h6 12. Be3 Nd4 13. cxd4 exd4 14. Rd1 Qc8 15. Nxd4 cxd4 16. Bxd4 Bxd4 17. Rxd4 Nc6 18. Rd2 Ne5 19. Rc2 Qd7 20. Nc3 Bg4 21. Nd5 Kg7 22. Qe3 Rac8 23. Rac1 Qa4 24. Rxc8 Rxc8 25. h3 Rxc1+ 26. Qxc1 Qd1+ 27. Qxd1 Bxd1 28. f4 Nc4 29. Nc3 Bc2 30. a4 b6 31. Bf1 Nd2 32. e5 Kf8 33. Be2 Ke7 34. Kf2 Ne4+ 35. Nxe4 Bxe4 36. a5 bxa5 37. bxa5 f6 38. Ke3 Bg2 39. h4 fxe5 40. fxe5 Ke6 41. Kd4 g5 42. hxg5 hxg5 43. Bc4+ Kd7 44. Kc5 Bf3 45. e6+ Ke7 46. Bd5 g4 47. Kd4 Bd1 48. Ke5 Bf3 49. Bc4 Bg2 50. Bd3 Bf3 51. Bf5 Bd1 52. Kf4 Kf6 53. Bxg4 Bc2 54. Ke3 Kg5 55. Bh3 Kf6 56. Kd4 Bb3 57. Kc5 Ke7 58. Kb5 1-0

[Event "Bundesliga 9192"]
[Site "Germany"]
[Date "1991.??.??"]
[Round "?.6"]
[White "Dietze, Wolfgang"]
[Black "Ruf, Matthias"]
[Result "0-1"]
[WhiteElo "2290"]
[BlackElo "2390"]
[PlyCount "100"]
[EventDate "1991.10.12"]
[EventType "team-tourn"]
[EventRounds "15"]
[EventCountry "GER"]
[SourceTitle "GER-chT"]
[Source "ChessBase"]
[SourceDate "1999.07.01"]
[SourceVersion "1"]
[SourceVersionDate "1999.07.01"]
[SourceQuality "1"]
[WhiteTeam "Buna Halle"]
[BlackTeam "Muenchen 36"]
[WhiteTeamCountry "GER"]
[BlackTeamCountry "GER"]

1. d4 Nf6 2. Nf3 e6 3. e3 b6 4. Be2 Bb7 5. 0-0 c5 6. c4 Be7 7. Nc3 cxd4 8. Nxd4 a6 9. b3 0-0 10. Bb2 Qc7 11. Rc1 d6 12. Bf3 Nbd7 13. Bxb7 Qxb7 14. Qf3 Qxf3 15. Nxf3 Rfc8 16. Ba3 Nc5 17. Rfd1 Kf8 18. Nd4 Rc7 19. f3 Nfd7 20. Kf1 Nb7 21. Ke2 Rac8 22. Bb2 Bf6 23. Ne4 Be7 24. g4 Nbc5 25. Ng3 Nb7 26. f4 h6 27. Rf1 Kg8 28. Ba3 Bf8 29. h4 d5 30. Bxf8 Nxf8 31. Rb1 dxc4 32. bxc4 Nd7 33. Rfd1 Na5 34. f5 e5 35. Nf3 Nxc4 36. Ne4 Nc5 37. Nc3 b5 38. Nd5 Rd7 39. f6 Kf8 40. Ne7 Rcd8 41. Rxd7 Rxd7 42. fxg7+ Kxg7 43. Nf5+ Kh7 44. g5 Ne4 45. Rc1 hxg5 46. hxg5 Nxg5 47. Rh1+ Kg6 48. N3h4+ Kf6 49. Rf1 Rd2+ 50. Ke1 Rxa2 0-1

[Event "BL2-Sued 9091"]
[Site "Germany"]
[Date "1991.??.??"]
[Round "?.1"]
[White "Ruf, Matthias"]
[Black "Bachmayr, Peter"]
[Result "1-0"]
[WhiteElo "2425"]
[BlackElo "2345"]
[PlyCount "81"]
[EventDate "1990.10.??"]
[EventType "team-tourn"]
[EventRounds "9"]
[EventCountry "GER"]
[SourceTitle "GER-chT2"]
[Source "ChessBase"]
[SourceDate "1999.07.01"]
[SourceVersion "1"]
[SourceVersionDate "1999.07.01"]
[SourceQuality "1"]
[WhiteTeam "Wolfbusch"]
[BlackTeam "Bayern Muenchen II"]
[WhiteTeamCountry "GER"]
[BlackTeamCountry "GER"]

1. d4 d5 2. Nf3 c5 3. c4 e6 4. Nc3 Nc6 5. cxd5 exd5 6. g3 Nf6 7. Bg2 Be7 8. 0-0 0-0 9. dxc5 Bxc5 10. Na4 Be7 11. Be3 Ne4 12. Rc1 Bf6 13. Nd4 Nxd4 14. Bxd4 Be6 15. Nc5 Nxc5 16. Rxc5 Qb6 17. e3 Rfd8 18. Qd2 Bxd4 19. Qxd4 Rac8 20. Rfc1 Rxc5 21. Rxc5 h6 22. h4 Qa6 23. a3 Qe2 24. e4 Qg4 25. Rc3 Re8 26. Bf3 Qh3 27. Qxa7 dxe4 28. Bg2 Qg4 29. Qxb7 Qe2 30. Qb6 Bg4 31. Re3 Qd1+ 32. Kh2 Rc8 33. Bxe4 g6 34. Rd3 Qf1 35. Rd8+ Rxd8 36. Qxd8+ Kg7 37. Qd4+ Kg8 38. Bg2 Qe2 39. b4 Be6 40. a4 Qa2 41. b5 1-0

[Event "BL2-Sued 9091"]
[Site "Germany"]
[Date "1991.??.??"]
[Round "?.1"]
[White "Ruf, Matthias"]
[Black "Hoensch, Matthias"]
[Result "0-1"]
[WhiteElo "2425"]
[BlackElo "2325"]
[PlyCount "75"]
[EventDate "1990.10.??"]
[EventType "team-tourn"]
[EventRounds "9"]
[EventCountry "GER"]
[SourceTitle "GER-chT2"]
[Source "ChessBase"]
[SourceDate "1999.07.01"]
[SourceVersion "1"]
[SourceVersionDate "1999.07.01"]
[SourceQuality "1"]
[WhiteTeam "Wolfbusch"]
[BlackTeam "Tuebingen"]
[WhiteTeamCountry "GER"]
[BlackTeamCountry "GER"]

1. d4 d5 2. Nf3 Nf6 3. Bf4 e6 4. e3 Bd6 5. Bg3 0-0 6. Nbd2 b6 7. a4 a5 8. Ne5 Ba6 9. Bb5 Bb7 10. c3 c6 11. Bd3 Ba6 12. Bc2 c5 13. f4 h6 14. Bh4 Be7 15. Bxf6 Bxf6 16. Qh5 Bxe5 17. fxe5 Nc6 18. Nf3 Qe7 19. 0-0-0 Rfc8 20. Rd2 cxd4 21. exd4 b5 22. axb5 Bxb5 23. Kb1 a4 24. Rf2 a3 25. b3 a2+ 26. Ka1 Nb4 27. cxb4 Qxb4 28. Bh7+ Kh8 29. Rb2 Qc3 30. Bc2 Bd3 31. Rc1 Bxc2 32. Qh4 Qe3 33. Qe1 Qxe1 34. Nxe1 Bxb3 35. Rxc8+ Rxc8 36. Nd3 Rc3 37. Rd2 Bc4 38. Kb2 0-1

[Event "Kecskemet"]
[Site "Kecskemet"]
[Date "1990.??.??"]
[Round "3"]
[White "Arkhipov, Sergey"]
[Black "Ruf, Matthias"]
[Result "1-0"]
[WhiteElo "2440"]
[BlackElo "2295"]
[PlyCount "71"]
[EventDate "1990.06.??"]
[EventType "tourn"]
[EventRounds "13"]
[EventCountry "HUN"]
[EventCategory "8"]
[SourceTitle "CBM 020"]
[Source "ChessBase"]
[SourceDate "1991.02.01"]
[SourceVersion "1"]
[SourceVersionDate "1991.02.01"]
[SourceQuality "1"]

1. c4 e5 2. Nc3 d6 3. Nf3 f5 4. d4 e4 5. Bg5 Qd7 6. Ng1 h6 7. Bd2 Nc6 8. e3 Nf6 9. Nge2 g5 10. h4 Bg7 11. hxg5 hxg5 12. Rxh8+ Bxh8 13. Nd5 Qf7 14. Nec3 Nd8 15. Be2 g4 16. Qa4+ Kf8 17. 0-0-0 Bd7 18. Qc2 c6 19. Nxf6 Bxf6 20. f3 d5 21. fxg4 fxg4 22. Rf1 Kg7 23. Be1 Be6 24. Bg3 Qd7 25. Qa4 Qc8 26. Kb1 Nf7 27. cxd5 cxd5 28. Rc1 Qc6 29. Nb5 Qe8 30. Qb3 Bd8 31. Nc7 Bxc7 32. Rxc7 b6 33. Qd1 Rc8 34. Rxa7 Qc6 35. Ba6 Ra8 36. Bb7 1-0

[Event "Kecskemet op"]
[Site "Kecskemet"]
[Date "1990.??.??"]
[Round "?"]
[White "Arkhipov, Sergey"]
[Black "Ruf, Matthias"]
[Result "1/2-1/2"]
[WhiteElo "2440"]
[BlackElo "2295"]
[PlyCount "105"]
[EventDate "1990.03.??"]
[EventType "swiss"]
[EventRounds "9"]
[EventCountry "HUN"]
[SourceTitle "EXT 2000"]
[Source "ChessBase"]
[SourceDate "1999.11.16"]
[SourceVersion "1"]
[SourceVersionDate "1999.11.16"]
[SourceQuality "1"]

1. c4 e5 2. Nc3 Nf6 3. Nf3 Nc6 4. d4 exd4 5. Nxd4 Bb4 6. Nxc6 Bxc3+ 7. bxc3 dxc6 8. Qxd8+ Kxd8 9. f3 Be6 10. e4 Nd7 11. Be3 c5 12. 0-0-0 Kc8 13. f4 f6 14. Bd3 a5 15. Rd2 Ra6 16. g4 Rd6 17. Rg1 Rd8 18. Kc2 h6 19. h4 Nb6 20. Bxc5 Nxc4 21. Bxd6 Nxd2 22. Be7 Rd7 23. Kxd2 Bc4 24. Rg3 Bxd3 25. Rxd3 Rxe7 26. Ke3 c6 27. c4 b6 28. a4 Kc7 29. Rd1 Re8 30. Rg1 Kd6 31. Kd4 Rd8 32. g5 hxg5 33. hxg5 Ke6+ 34. Ke3 Rh8 35. gxf6 Rh3+ 36. Kd2 Rh2+ 37. Kc3 Rh3+ 38. Kc2 Rh2+ 39. Kd3 Rh3+ 40. Kc2 Rh2+ 41. Kd3 Rh3+ 42. Ke2 Rh2+ 43. Kf3 gxf6 44. Rg6 Kf7 45. f5 Rh3+ 46. Ke2 Ra3 47. e5 fxe5 48. Rxc6 Rxa4 49. Kd3 Rb4 50. Ke4 b5 51. Kxe5 Rxc4 52. Rxc4 bxc4 53. Kd4 1/2-1/2